Word Puzzles - Animals #1 - Statistics

General Stats
  • This quiz has been taken 6 times
    3 since last reset
  • The average score is 5 of 26
Answer Stats
Hint Answer % Correct
Baby's annoying toy/Cleopatra used one to end it (so the story goes). Rattlesnake
67%
Expanse of salt water/Equus. Seahorse
67%
Arachnid/Simian. Spider Monkey
67%
Borders Bass Strait. Someone or something from here/Beelzebub. Tasmanian Devil
67%
Many people consider these circus characters inherently evil/A children's card game. Clownfish
33%
Drives nails in/Foam on top of a glass of Pilsener/Minnesota Fats was one. Hammerhead Shark
33%
Symbol of Ireland/ Wax on a letter stamped by a big wig. Harp Seal
33%
Traveller other than the driver/Victim of a confidence trick. Passenger Pigeon
33%
NaCl/H2O/Saurian. Saltwater Crocodile
33%
Panthera/Galeocerdo. Tiger Shark
33%
Someone or something from the land of milk and honey, apple pies and trust in God (It is written on their currency)/The sea bordering Georgia/2nd Amendment "... right of the people to keep and ____ arms..." American Black Bear
0%
Someone or something from this continent/Goliath/ Britt Reid was a green one of these (NOT the American football coach). Asian Giant Hornet
0%
Someone or something from a country that is rabies-free, so far, no thanks to Johnny Depp/A metal chimney on a ship or steam engine/A membrane between the toes of a swimming bird or other aquatic animal/James Dean was mangled to death in one. Australian funnel-web spider
0%
A region of spacetime '_____ hole'/A dive performed with arms outstretched at shoulder height until one hits the water '____ dive.' Black Swan
0%
Matadors waving a red cloth in close proximity to these noble beasts was once widely thought to enrage them. It doesn't. It is those ridiculous Mickey Mouse hats the matadors wear. I'll be pissed off too if my killer is wearing one/The lower limbs of this swamp dweller are a delicacy in certain parts of France. Bullfrog
0%
Dorris, Dublin and Industry are all towns here/Focke Would Fw 200. California Condor
0%
High point of land that extends into a river, lake or ocean/Yellowish-beige colour/How to say 'hello' in French for the telephone. Cape Buffalo
0%
African country bordered by Guinea-Bissau, Senegal, Mali, Ivory Coast, Sierra Leone, Liberia and the Atlantic Ocean/Crude form of Fe '___ iron'. Guinea Pig
0%
Someone who is economical with the truth/Avian. Lyrebird
0%
Comes around before noon and after night/Opponent of war. Mourning Dove
0%
Resembling a net or network/Colt's .357 Magnum. Reticulated Python
0%
What someone or something was called from the country now known as Zimbabwe 'Southern _________'/The line made where two sloping surfaces come together/Opposite of front. Rhodesian Ridgeback
0%
Cutlass/Biting and chewing implement/Tora. Sabre-toothed Tiger
0%
Arachnid/Has gills. Scorpionfish
0%
Big, Bengal puddy tat/Lepidoptera that doesn't hold a candle to other family members, in beauty. Tiger Moth
0%
Barrier/How Mr. Crowe's mates probably address him. Walrus
0%
No matching quizzes found
Score Distribution
Percent of People with Each Score
Percentile by Number Answered
Your Score History
You have not taken this quiz since the last reset